| 000 | nam a22 7a 4500 | ||
|---|---|---|---|
| 999 |
_c26638 _d26638 |
||
| 008 | 170206b xxu||||| |||| 00| 0 eng d | ||
| 050 | _aHD 28 .A23 2013 | ||
| 100 | _aAcademy of Management. | ||
| 245 |
_aAcademy of Management: _bReview/ _cAcademy of Management. |
||
| 260 |
_aU.S.A: _bCambridge University Press, _c2013. |
||
| 300 |
_a470p.: _bill.; _c28cm. |
||
| 521 | _aIncludes index. | ||
| 650 | _aManagement. | ||
| 650 | _aIndustrial Management. | ||
| 942 |
_2lcc _cBOOKS _hHD 28 .A23 2013 |
||